| 000 | 00621nam a2200181 a 4500 | ||
|---|---|---|---|
| 005 | 20140412111340.0 | ||
| 008 | 050419s19uu xx 00 eng d | ||
| 020 | _a0-7513-1448-X | ||
| 050 |
_aER _bTo55 2001 |
||
| 100 | _aRobbins, Beth | ||
| 245 |
_aTom and Ally visit the doctor! / _cBeth Robbins ; illustrated by Jon Stuart. |
||
| 260 |
_aLondon : _bA Dorling Kindersley Book, _c2001. |
||
| 300 | _a32 p. ; ill. | ||
| 440 | _aIt's Ok! | ||
| 520 | _aTom and Ally are visitng the doctor for a check-up. But what will happen when Tom finds out he has to have a job? | ||
| 650 | _aChildren stories | ||
| 999 |
_c105104 _d105104 |
||